| 000 | 01119nas a2200325 4500 | ||
|---|---|---|---|
| 001 | BR2013006868 | ||
| 003 | BR-BrBNA | ||
| 005 | 20231205122857.0 | ||
| 007 | ta | ||
| 008 | 230509b bl.|||p| |||| 00| 00por d | ||
| 040 |
_aBR-BrBNA _bpor _cBiblioteca Nacional de Agricultura |
||
| 041 | _a(Pt) | ||
| 072 | _aK10; P01 | ||
| 100 | 1 | _aBrandão, P.C. | |
| 100 | 1 | _aSoares, V.P. | |
| 100 | 1 | _aSimas, F.N.B. | |
| 100 | 1 | _aSchaefer, C.E.G.R. | |
| 100 | 1 | _aSouza, A.L. de | |
| 100 | 1 | _aMendonça, B.A.F. de | |
| 245 | 1 | _aCaracterização de geoambientes da floresta nacional do purus, Amazônia ocidental: uma contribuição ao plano de manejo | |
| 246 | 1 | _aGeoenvironments of the purus national forest: a contribution to the management plan | |
| 650 | _aFLORESTA | ||
| 650 | _aCONSERVAÇÃO | ||
| 650 | _aANÁLISE | ||
| 650 | _aSOLO | ||
| 773 | 0 |
_tRevista Árvore (Brazil) _xISSN 0100-6762 _g(Jan-Feb 2010), v. 34(1) p. 115-126 _wBR2013006868 |
|
| 856 | 4 |
_uhttp://www.scielo.br/pdf/rarv/v34n1/v34n1a13.pdf _yRecurso eletrônico (PDF) |
|
| 909 |
_a202311 _bLúcia _c55 _dLúcia Elande |
||
| 942 |
_2AGRIS _n0 _cANA |
||
| 999 |
_c231043 _d231043 |
||